Score 0/18 Timer 02:00
2 Plays Today
Song Missing Word % Correct
Heart of ____Gold
94.3%
Only ____ Can Break Your HeartLove
75.7%
Down by the ____River
67.4%
____ in the Free WorldRockin'
61.4%
My My, Hey Hey (Out of the ____)Blue
51.2%
The ____ and the Damage DoneNeedle
49.5%
____ GirlCinnamon
48.4%
Hey Hey, My My (Into the ____)Black
41.4%
Tell Me ____Why
36.8%
Song Missing Word % Correct
____ in the SandCowgirl
34.7%
A Man Needs a ____Maid
34.7%
Everybody Knows This Is ____Nowhere
32.3%
____ the KillerCortez
31.3%
Like a ____Hurricane
29.4%
Cripple Creek ____Ferry
25.9%
See the Sky About to ____Rain
24.2%
On the ____Beach
15.9%
For the ____Turnstiles
14.3%

Today's Daily Dose

Missing Word
'T' Pairs

Word Ladder
Game Pieces

Get the Picture
Baseball Movies

Remove Ads.
Support Sporcle.
Get the best of Sporcle when you Go Orange. This ad-free experience offers more features, more stats, and more fun while also helping to support Sporcle. Thank you for becoming a member.

You're not logged in!

Compare scores with friends on all Sporcle quizzes.
OR
Log In

Show Comments

Extras

Top Quizzes Today


Score Distribution

Your Account Isn't Verified!

In order to create a playlist on Sporcle, you need to verify the email address you used during registration. Go to your Sporcle Settings to finish the process.

Report this User

Report this user for behavior that violates our Community Guidelines.

Details: